000 00624nam a2200193 a 4500
005 20210223120806.0
008 991125s1978 es 000 0 spa u
020 _a8472223698
035 _aUPN01000007232
049 _aF
050 4 _aPA6276
_bC3.28
100 1 _aCatulo, Cayo Valerio,
_d86-54 A.C.
_928854
245 1 0 _aCátulo-Marcial :
_b[poemas] /
_cGaius Valerius Catullus ; tr. de Ernesto Cardenal.
260 _aBarcelona, Esp. :
_bLaia,
_c1978.
300 _a87 p.
440 0 _aLaia B ;
_v28.
_pLiteratura.
_pPoesía
600 1 4 _aCATULO, CAYO VALERIO,
_d86-54 A.C. -
_xCRITICA E INTERPRETACION
_96513
905 _aLibro
999 _c7232
_d7232